000 00300nam a2200133 i 4500
001 bg
100 1 _aSZUJECKI, A.
245 0 _aCzy lasy muszą zginąć? /
_cA. Szujecki.
260 _aWarszawa,
_c1992.
040 _cBPK
041 _apol
942 _cKS
008 s pl f |000 0 pol
999 _c5494
_d5494
856 _uhttp://koha.tu.koszalin.pl/cgi-bin/koha/opac-detail.pl?biblionumber=5494
_yKatalog online BPK